[Event "3rd GRENKE Chess Open 2018"]
[Site "Karlsruhe"]
[Date "2018.03.30"]
[Round "2"]
[White "Van Wissen, Michiel"]
[Black "Schneider, Ilja"]
[Result "0-1"]
[WhiteElo "2245"]
[BlackElo "2513"]
[Annotator "TA"]
[PlyCount "118"]
[EventDate "2018.??.??"]
[EventType "swiss"]
[EventCountry "GER"]
[SourceTitle "playchess.com"]
[Source "ChessBase"]
[SourceQuality "1"]

{[%evp 12,118,35,16,37,45,54,30,29,7,20,17,35,0,5,0,0,0,0,0,0,-16,-16,-20,-20,-24,-37,-62,-59,-79,-62,-67,-87,-106,-72,-54,-27,-20,-21,-22,-21,-10,-6,-47,-35,-35,-41,-24,-45,-94,-93,-166,-157,-177,-170,-214,-209,-287,-214,-222,-222,-222,-198,-290,-189,-300,-294,-289,-253,-515,-282,-660,-643,-507,-476,-449,-349,-752,-740,-685,-692,-675,-568,-2131,-1816,-1791,-1681,-1187,-874,-29972,-29973,-29973,-29974,-29969,-29965,-29977,-29977,-29978,-29979,-29980,-29981,-29985,-29986,-29986,-29987,-29987,-29988,-29989,-29990]} 1. e4 e5 2. Nf3 d6 3. d4 exd4 4. Nxd4 Nf6 5. Nc3 Be7 6. Be2 O-O 7. Bf4 {LiveBook: 83 Games. C41: Philidor Defence} Nbd7 (7... Re8 8. Qd2 Bf8 9. f3 Nc6 10. O-O-O Nxd4 11. Qxd4 Be6 12. Kb1 Nd7 13. g4 a6 14. h4 b5 {0-1 (44) Grischuk,A (2750)-Rapport,R (2698) chess.com INT 2017}) 8. Qd2 Nc5 9. f3 {White is slightly better.} d5 {[%cal Rd5e4]} 10. e5 Ne8 $1 11. O-O-O c6 12. g4 $146 ({Predecessor:} 12. h4 f6 13. Kb1 fxe5 14. Bxe5 Bf6 15. Bxf6 Qxf6 {½-½ (45) Airapetian,G (2179)-Gerasimov,Y (2302) Satka 2005}) 12... f6 13. exf6 Bxf6 14. Be3 Ne6 15. Nxe6 Bxe6 16. g5 Be5 17. f4 Bc7 18. Kb1 Nd6 19. Bd3 Bf5 20. Bc5 Qd7 21. Ne2 Rae8 22. Rde1 b6 23. Bxd6 Qxd6 24. Bxf5 Rxf5 25. Rhf1 Ref8 26. Qd3 Qd7 {[%cal Rc7f4]} 27. Qh3 {[#] Strongly threatening Nd4.} c5 28. Ng3 R5f7 29. Qxd7 Rxd7 30. Nh5 Rdf7 {[%cal Rc7f4]} 31. h4 (31. f5 $17) 31... Bxf4 $19 32. c3 Bd6 $36 {[%mdl 2048] Keeping White busy.} 33. Rxf7 Kxf7 {[%mdl 4096] Endgame KRB-KRN} ({Don't play} 33... Rxf7 34. Re8+ Rf8 35. Re6 $17) 34. Kc2 Kg6 35. Re6+ Kxh5 36. Rxd6 Kxh4 37. Rxd5 {KR-KR} (37. Rd7 $142) 37... Rf7 38. Kb3 (38. a4 $142) 38... h5 39. gxh6 gxh6 40. a4 $2 (40. Kc4) 40... h5 41. Kc4 $2 (41. a5) 41... Kg4 42. Rd8 Rh7 43. Rg8+ Kf3 {And now ...h4 would win.} 44. Rf8+ $2 (44. Kd3) 44... Ke2 45. Re8+ Kd2 46. Rd8+ Kc2 47. b4 h4 {[%cal Bh5h4,Bh4h3,Bh3h2][%mdl 32]} 48. Rf8 h3 49. Rf2+ {[#]} Kd1 $1 50. bxc5 h2 {Black mates.} 51. Rf1+ Ke2 52. Rh1 bxc5 53. Kxc5 Kf3 54. c4 Kg2 55. Rxh2+ Rxh2 56. Kb5 Kf3 57. c5 Ke4 58. Kc6 Rh6+ 59. Kb7 Kd5 {Precision: White = 28%, Black = 83%.} 0-1

[Event "3rd GRENKE Chess Open 2018"]
[Site "Karlsruhe"]
[Date "2018.03.30"]
[Round "2"]
[White "Wild, Achim"]
[Black "Valsecchi, Alessio"]
[Result "0-1"]
[WhiteElo "2244"]
[BlackElo "2510"]
[Annotator "TA"]
[PlyCount "70"]
[EventDate "2018.??.??"]
[EventType "swiss"]
[EventCountry "GER"]
[SourceTitle "playchess.com"]
[Source "ChessBase"]
[SourceQuality "1"]

{[%evp 22,70,17,13,10,0,0,0,0,6,29,25,29,16,33,25,16,21,36,37,137,120,153,72,65,87,106,61,49,39,43,60,52,53,56,0,62,62,37,-450,-447,-452,-388,-500,-326,-571,-564,-557,-410,-5297,-5297]} 1. Nf3 c5 2. c4 Nf6 3. d4 cxd4 4. Nxd4 Nc6 5. Nc3 e6 6. a3 Be7 7. e4 O-O {A33: Symmetrical English: 2 Nf3 Nf6 3 d4 cxd4 4 Nxd4 e6 5 Nc3 Nc6} 8. Nf3 Qc7 (8... Qa5 9. Bd2 Qh5 10. Be2 d5 11. cxd5 exd5 12. exd5 Nxd5 13. Nd4 Qe5 14. Nf3 Qd6 15. Nxd5 Qxd5 {0-1 (70) Vidit,S (2715)-Vachier Lagrave,M (2789) Riadh 2017}) 9. Be2 b6 10. Bg5 Bb7 11. Rc1 Rad8 12. O-O {LiveBook: 13 Games} Qb8 13. Re1 h6 14. Bh4 d6 15. h3 {[#]} Rfe8 $146 16. Bg3 Nd7 {[%cal Bf6d7,Bd7e5,Be5g6,Bg6f4][%mdl 32]} 17. Bf1 Nde5 18. Nh2 Ng6 19. f4 Bf6 20. Nf3 d5 (20... Rd7 $14) 21. cxd5 $16 Nxf4 {[#]} 22. dxc6 ({White should try} 22. Bb5 $1) 22... Rxd1 23. Nxd1 Bxc6 24. Rxc6 Nxh3+ $1 25. Kh2 $1 Qa8 26. Rc7 Ng5 27. Nxg5 Bxg5 28. Nc3 (28. Bb5 $1 $14) 28... Qd8 (28... Rc8 $11) 29. Rd1 $1 $14 {[%cal Rd1d8]} ({Much weaker is} 29. Rxa7 Bf4 $15) 29... Qf6 {aiming for ...Bf4.} 30. Rdd7 $2 {[%mdl 8192]} (30. Bb5 $14 {stays ahead.} Rf8 31. Rf1 (31. Rxa7 Bf4 $14)) 30... Qxf1 $19 31. Rxa7 Bf4 32. Rab7 h5 {[%cal Bh6h5,Bh5h4,Bh4h3][%mdl 32]} 33. Bxf4 $2 (33. Rxf7 {was the only defense.} Bxg3+ 34. Kxg3 Qxf7 35. Rxf7 Kxf7 36. Kf4) 33... Qxf4+ 34. Kh1 h4 35. Rxb6 {[#]} (35. Rxf7 $142 Qxf7 36. Rxf7 Kxf7 37. e5) 35... h3 $1 {[%mdl 512] Precision: White = 21%, Black = 44%.} 0-1

[Event "3rd GRENKE Chess Open 2018"]
[Site "Karlsruhe"]
[Date "2018.03.30"]
[Round "2"]
[White "Gungl, Theo"]
[Black "Ider, Borya"]
[Result "0-1"]
[WhiteElo "2242"]
[BlackElo "2505"]
[Annotator "TA"]
[PlyCount "106"]
[EventDate "2018.??.??"]
[EventType "swiss"]
[EventCountry "GER"]
[SourceTitle "playchess.com"]
[Source "ChessBase"]
[SourceQuality "1"]

{[%evp 9,106,18,67,56,56,70,73,39,77,62,66,52,54,57,42,31,43,7,44,10,15,9,14,4,14,7,19,-15,0,0,45,47,67,59,47,52,37,13,21,0,0,0,42,52,55,58,138,112,184,183,178,7,94,22,14,0,0,-6,-6,-25,-18,-30,-8,-27,-6,-6,-6,-12,-22,-47,-38,-127,-122,-151,-168,-173,-175,-499,-490,-490,-482,-451,-481,-487,-472,-491,-491,-617,-616,-615,-567,-564,-612,-603,-595,-540,-523,-522,-516]} 1. e4 d5 2. exd5 Nf6 3. Bb5+ Bd7 4. Be2 Nxd5 5. d4 c6 (5... Bf5 6. Nf3 e6 7. h3 Nb4 8. Na3 Be7 9. c3 Nd5 10. Nc4 O-O {½-½ (10) Delgado Ramirez,N (2602)-Matsuura,E (2492) Brasilia 2018}) 6. c4 {B01: Scandinavian Defence} Nf6 7. Nf3 Bf5 8. Nc3 {White is better.} e6 9. O-O Be7 10. Bf4 O-O 11. Qb3 (11. a3 {looks sharper.} Nbd7 12. Re1 Ne4 13. Nxe4 Bxe4 14. Bf1) 11... Qb6 12. Qxb6 axb6 13. a3 Nbd7 14. Rfd1 h6 $146 15. h3 Rfc8 16. Ne5 Rd8 17. Rac1 Ne4 18. Bf3 Ndf6 19. Ng4 Nd6 20. Ne3 Bg6 21. d5 $1 exd5 22. cxd5 c5 23. g3 Nfe8 $1 24. Be5 Bg5 25. Be2 Rd7 26. f4 Be7 27. Nb5 Ne4 ({Black should play} 27... Rad8 $14) 28. Kg2 f6 (28... N8d6 $16) 29. Bg4 $18 Rdd8 30. Bc3 $2 (30. Bc7 $18) 30... Nxc3 (30... N4d6 $11 31. Be6+ Kh7 32. Nxd6 Nxd6) 31. Nxc3 (31. Rxc3 $16 {Be6+ is the strong threat.} Bf7 32. Rcd3) 31... Nd6 $11 32. Be6+ Kf8 33. g4 b5 34. f5 Be8 35. Kf3 b6 36. Rd2 Ra7 37. Rcd1 Nb7 38. Ne4 {[#] Hoping for d6.} Bd6 39. Nxd6 Nxd6 40. Nf1 (40. Re2 $15) 40... Ra4 $17 41. Ng3 b4 42. axb4 Rxb4 43. Ra1 $2 (43. Re2) 43... Rb3+ $19 {Black is clearly winning.} 44. Kf2 {[#]} Rxg3 $1 {[%mdl 512]} 45. Kxg3 {aiming for Rd3.} Ne4+ 46. Kf4 Nxd2 47. Ra7 Nc4 48. Rb7 b5 49. b3 Nd6 50. Rc7 c4 51. bxc4 Nxc4 52. Ke4 Rb8 53. Kd4 Ne5 {Precision: White = 42%, Black = 54%.} 0-1

[Event "3rd GRENKE Chess Open 2018"]
[Site "Karlsruhe"]
[Date "2018.03.30"]
[Round "2"]
[White "Schmitzer, Klaus"]
[Black "Riff, Jean-Noel"]
[Result "0-1"]
[WhiteElo "2242"]
[BlackElo "2503"]
[Annotator "TA"]
[PlyCount "144"]
[EventDate "2018.??.??"]
[EventType "swiss"]
[EventCountry "GER"]
[SourceTitle "playchess.com"]
[Source "ChessBase"]
[SourceQuality "1"]

{[%evp 23,144,-26,-27,-21,-9,-25,-20,-42,-23,-10,-26,-25,0,-9,0,-15,0,0,3,8,0,0,33,8,4,-48,-37,-37,-46,-36,5,2,7,-66,66,0,22,-17,-22,-14,-16,-27,-18,-31,0,0,0,-18,0,0,0,-16,-12,-18,-14,-20,-4,-15,0,0,0,0,0,-2,-1,-12,-8,-9,0,0,0,0,0,0,0,0,0,0,4,6,70,0,85,0,0,-29974,-29976,-29989,-29990,-29990,-29978,-5389,-217,-216,-210,-257,-257,-357,-351,-350,-335,-302,-236,-256,-236,-257,-243,-246,-221,-221,-221,-221,-218,-254,-254,-259,-259,-259,-259,-257,-257,-250,-242]} 1. e4 c5 2. Nf3 e6 3. d4 cxd4 4. Nxd4 a6 5. Nc3 Qc7 6. Bd3 Nf6 7. O-O d6 8. Be3 Nbd7 {B43: Sicilian: Kan Variation: 5 Nc3} 9. Kh1 (9. f4 b5 10. Qf3 Bb7 11. a3 Nc5 12. Rae1 Be7 13. Qg3 g6 14. e5 Nh5 15. Qf2 Ng7 16. exd6 Qxd6 17. Ndxb5 axb5 18. Bxb5+ {0-1 (46) Dourerassou,J (2473)-Fedorchuk,S (2673) Bastia 2014}) 9... b5 10. a3 Bb7 11. Qe2 Be7 12. f4 O-O {LiveBook: 9 Games} 13. Bg1 Nc5 14. Rac1 $146 ({Predecessor:} 14. Rae1 d5 15. e5 Nfe4 16. Bxe4 Nxe4 17. Rf3 {1-0 (58) Pogonina,N (2401)-Sachdev,T (2379) Istanbul 2005}) 14... Rac8 15. Qe3 Qb8 16. b4 Ncd7 17. Nb1 Qa8 {[%cal Rb7e4]} 18. Nd2 g6 19. N4b3 e5 20. Na5 exf4 21. Qxf4 Ne5 22. Bd4 Nfd7 23. Qh6 Bf6 24. Nxb7 ({Better is} 24. c3 $11) 24... Qxb7 $15 25. Nb3 Bg7 26. Qh3 Nb6 27. Na5 Qc7 28. Be2 ({White should try} 28. Bxe5 $11 Bxe5 29. c4) 28... Na4 (28... Nbc4 $15 29. Bxc4 Nxc4 30. Bxg7 Kxg7) 29. c3 (29. c4 $1 $14) 29... Qe7 30. Bd1 Nb2 31. Bb3 Nbc4 32. Nxc4 Nxc4 33. Qd3 Rfe8 34. Bxg7 Kxg7 35. Rf4 Qe5 36. Rcf1 Re7 37. a4 Rcc7 38. axb5 axb5 39. h3 h6 40. R4f2 Kg8 41. Rf4 Nb2 42. Qd2 Nc4 43. Qd3 h5 44. Ba2 Red7 45. R4f2 Qg5 46. Qd4 Ne5 47. Qd5 Qe3 48. Qxb5 Qxc3 49. Bd5 Kg7 50. Rd1 Ra7 51. Rff1 Ra3 (51... Rac7 $11) 52. Qb8 (52. Qb6 $1 $14) 52... Qb2 {[#]} (52... Qg3 $11 {keeps the balance.}) 53. Rb1 (53. Qb6 $1 $16) 53... Qd2 $11 {( -> ...Rg3)} 54. Qe8 $2 {[%mdl 8192]} (54. Qb6 $11) 54... Rg3 {[%csl Gg3][%cal Rd2g2]} 55. Rg1 {[#]} Ng4 $1 {[%mdl 512]} 56. Rb3 (56. hxg4 hxg4) 56... Rxb3 57. Bxb3 Nf6 $2 (57... Nf2+ 58. Kh2 Rc7) 58. Qc8 $19 Qxb4 59. Bd5 Re7 60. Qd8 Nxd5 61. exd5 {[%mdl 4096] Endgame KQR-KQR} Re1 62. Qa8 Re5 63. Rd1 Qb2 64. Qa5 Rf5 65. Qe1 Qa2 66. Qc3+ Kh7 67. Qd3 Qb2 68. Qg3 Qc2 69. Qe1 Rf2 70. Rc1 Qd2 71. Rd1 Qxe1+ 72. Rxe1 Rd2 {Precision: White = 47%, Black = 45%.} 0-1

[Event "3rd GRENKE Chess Open 2018"]
[Site "Karlsruhe"]
[Date "2018.03.30"]
[Round "2"]
[White "Ruff, Maximilian"]
[Black "Noe, Christopher"]
[Result "0-1"]
[WhiteElo "2237"]
[BlackElo "2494"]
[Annotator "TA"]
[PlyCount "74"]
[EventDate "2018.??.??"]
[EventType "swiss"]
[EventCountry "GER"]
[SourceTitle "playchess.com"]
[Source "ChessBase"]
[SourceQuality "1"]

{[%evp 17,74,37,44,19,14,0,0,0,20,-26,-33,-40,-22,-33,0,0,20,0,10,-1,34,33,21,6,81,-34,0,0,0,0,0,0,0,-79,-90,-397,-392,-397,-389,-378,-376,-351,-327,-321,-301,-295,-295,-291,-273,-456,-442,-446,-438,-472,-463,-558,-550,-671,-668]} 1. d4 Nf6 2. c4 e6 3. Nc3 Bb4 4. Qc2 O-O 5. Nf3 b6 6. e4 Bxc3+ 7. bxc3 Bb7 8. Bd3 h6 9. O-O d6 10. Bd2 {E32: Nimzo-Indian: Classical (4 Qc2): 4...0-0} (10. Nd2 e5 11. f4 Re8 12. Bb2 c5 13. Rae1 cxd4 14. cxd4 Nc6 15. fxe5 dxe5 16. d5 Nb4 17. Qb3 Na6 {0-1 (57) Raznikov,D (2485)-Stukopin,A (2590) Columbus 2017}) 10... Nc6 11. Rae1 e5 12. Qb2 $146 {The position is equal.} ({Predecessor:} 12. Bc1 Qe7 13. Nh4 Na5 14. Nf5 Qe6 15. d5 Qe8 16. f4 Nd7 17. Qe2 Kh7 18. Nxg7 Kxg7 {1-0 (32) Madorsky,F (2065)-Khromov,P (2005) Riazan 2007}) 12... Ba6 13. a4 Na5 14. Qa2 Re8 15. Nh4 Nd5 16. Nf5 Ne7 17. Ne3 Ng6 18. Nf5 Nh4 19. Ng3 Qf6 20. Be3 Ng6 {[#]} (20... exd4 $11 {keeps the balance.} 21. cxd4 c5) 21. Nf5 ({White should try} 21. f4 $1 $16) 21... d5 {And now ...dxe4 would win.} 22. dxe5 $1 Nxe5 23. Bd4 {Black must now prevent f4.} dxe4 ({But not} 23... Bxc4 $2 24. Bxc4 Naxc4 25. f4 $18) 24. Bxe4 Bxc4 25. Qc2 (25. Qb1 $11 Bxf1 26. f4) 25... Bxf1 $17 26. f4 $2 {[%mdl 8192] [#]} (26. Rxf1 $17 c5 27. Bxa8 cxd4 28. cxd4 Rxa8 29. dxe5 Qxe5 30. Rd1) 26... Bd3 $1 $19 {[%cal Rd3c2]} 27. Bxd3 Nxd3 {[%cal Re8e1]} ({And not} 27... Nf3+ 28. gxf3 Rxe1+ 29. Kf2 $11) 28. Rxe8+ Rxe8 {[%cal Re8e1]} 29. Qxd3 Qg6 30. Bxg7 Nb7 31. Be5 {[#]} Nd6 $1 32. Bxd6 cxd6 {KQR-KQN} 33. Qd5 $2 (33. Kf1) 33... Qe6 {Black is clearly winning.} 34. Qxe6 Rxe6 ({Not} 34... fxe6 35. Nxd6 Rd8 36. Nb5 $19) 35. Kf2 Re4 36. Kf3 Rxa4 37. Nxd6 Ra3 {Precision: White = 37%, Black = 59%.} 0-1

[Event "3rd GRENKE Chess Open 2018"]
[Site "Karlsruhe"]
[Date "2018.03.30"]
[Round "2"]
[White "Wurzel, Andre"]
[Black "Poetsch, Hagen"]
[Result "0-1"]
[WhiteElo "2237"]
[BlackElo "2484"]
[Annotator "TA"]
[PlyCount "76"]
[EventDate "2018.??.??"]
[EventType "swiss"]
[EventCountry "GER"]
[SourceTitle "playchess.com"]
[Source "ChessBase"]
[SourceQuality "1"]

{[%evp 14,76,14,14,13,12,37,29,27,31,31,0,28,0,0,-15,0,-3,0,-62,-72,-55,-36,-55,-68,-87,-45,-46,-47,-56,-33,-65,-62,-61,0,-13,-4,-44,-35,-31,28,11,20,38,48,-45,-6,-53,-47,-143,-146,-143,-120,-118,-88,-188,-189,-829,-858,-844,-849,-845,-842,-815,-809]} 1. Nf3 Nf6 2. c4 b6 3. e3 Bb7 4. b3 g6 5. Bb2 Bg7 6. Be2 O-O 7. O-O d6 {[%cal Bd7d6,Bd6d5][%mdl 32]} 8. d4 Nbd7 {A48: 1 d4 Nf6 2 Nf3 g6: Torre, London and Colle Systems} 9. Qc2 d5 (9... c5 10. Rd1 cxd4 11. Nxd4 Rc8 12. Nc3 a6 13. Rac1 Rc7 14. Bf3 Qa8 15. Bxb7 Qxb7 16. Qe2 {0-1 (54) Nakamura,H (2781)-Liang,A (2572) chess.com INT 2018}) 10. Nbd2 c5 {White has an edge.} 11. dxc5 $146 ({Predecessor:} 11. cxd5 Nxd5 12. dxc5 Nxc5 13. Bxg7 Kxg7 14. b4 Nd7 15. Qb2+ N7f6 16. Rfc1 {½-½ (40) Speelman,J (2523)-Motuz,K (2333) Radebeul 2016}) 11... Nxc5 12. Rad1 Rc8 13. Qb1 Qd7 14. cxd5 Bxd5 15. Bc4 Ba8 16. Ne5 ({Better is} 16. Qa1 $11) 16... Qb7 $1 $15 {[%csl Ga8][%cal Rb7g2]} 17. Ndf3 b5 {[%cal Bb6b5,Bb5b4][%mdl 32]} 18. Be2 Nfe4 19. Nd3 Ne6 20. Bxg7 Nxg7 21. Qb2 $1 Nc3 22. Rc1 b4 23. Rfe1 f6 {next ...e5 is good for Black.} 24. Bf1 Rfd8 25. Rc2 a5 $36 {[%mdl 2048] Black is more active.} 26. a3 Rc7 (26... Ne6 $15) 27. axb4 $11 axb4 28. Rec1 Rdc8 29. Nde1 (29. Nfe1 $14) 29... Qb6 30. Bc4+ Kh8 31. Nd3 (31. Ra1 $15) 31... Be4 $17 32. Rd2 Bxd3 33. Rxd3 Nf5 34. Nd4 {[#]} (34. Ra1 $17 {was worth a try.}) 34... Nd6 $1 $19 35. Be6 $2 {[#]} (35. Ra1) 35... Na4 $1 {[%mdl 512] Black is clearly winning.} 36. Rxc7 (36. bxa4 Rxc1+) 36... Nxb2 37. Rxc8+ Nxc8 38. Rd2 Qa6 {Precision: White = 35%, Black = 63%.} 0-1

[Event "3rd GRENKE Chess Open 2018"]
[Site "Karlsruhe"]
[Date "2018.03.30"]
[Round "2"]
[White "Jacob, Volker"]
[Black "Kevlishvili, Robby"]
[Result "0-1"]
[WhiteElo "2236"]
[BlackElo "2472"]
[Annotator "TA"]
[PlyCount "64"]
[EventDate "2018.??.??"]
[EventType "swiss"]
[EventCountry "GER"]
[SourceTitle "playchess.com"]
[Source "ChessBase"]
[SourceQuality "1"]

{[%evp 18,64,14,4,31,20,29,-12,-3,-13,-4,-44,-35,-52,-29,-32,-38,-40,-40,-72,-70,-79,-61,-97,-79,-114,-94,-148,-142,-121,-122,-134,-121,-108,-117,-134,-134,-154,-132,-292,-293,-271,-279,-326,-333,-489,-232,-466,-456]} 1. d4 d5 2. c4 c6 3. Nc3 Nf6 4. e3 e6 5. Nf3 Nbd7 6. Qc2 b6 7. cxd5 exd5 8. Bd3 {D45: Semi-Slav: 5 e3} Bb7 9. O-O Be7 10. Bd2 {LiveBook: 12 Games. The position is equal.} Qc7 11. Rac1 O-O 12. Ne2 $146 ({Predecessor:} 12. e4 dxe4 13. Nxe4 c5 14. Rfe1 Nxe4 15. Bxe4 Bxe4 16. Qxe4 {½-½ (37) Wojtaszek,R (2700)-Dreev,A (2654) Loo 2013}) 12... Rfe8 13. Ng3 Rac8 14. Ne5 Nxe5 15. dxe5 Qxe5 16. Bc3 Qc7 17. Bxf6 Bxf6 18. Bxh7+ {[#]} Kf8 $1 19. Bf5 Rcd8 20. Rfd1 g6 21. Bd3 Kg7 22. Qe2 ({White should try} 22. b4) 22... c5 $17 23. b3 Rh8 24. Ba6 Ba8 25. Qg4 Qe5 26. Nf1 Rh4 27. Qe2 d4 28. exd4 $2 (28. f3 $17 {was called for.}) 28... Qg5 $19 {[%csl Ga8][%cal Rg5g2]} ({Less strong is} 28... Rhxd4 29. Qxe5 Bxe5 30. Rxd4 $17) 29. d5 Bd4 ({Resist} 29... Bxd5 30. Ne3 $17) 30. Bc4 b5 ({Weaker is} 30... Bxd5 31. Bxd5 Rxd5 32. Re1 $17) 31. Bxb5 (31. Rb1 $142) 31... Qxd5 (31... Bxd5 $142 {[%csl Gd5][%cal Rg5g2]} 32. g3 {[#]} Rxh2 $1 {[%mdl 512]} 33. Nxh2 Qxg3+ 34. Kf1 Qxh2) 32. Ne3 $2 (32. Qf3 {was the only chance.} Qxf3 33. gxf3) 32... Qg5 {Precision: White = 34%, Black = 63%.} 0-1

[Event "3rd GRENKE Chess Open 2018"]
[Site "Karlsruhe"]
[Date "2018.03.30"]
[Round "3"]
[White "Rapport, Richard"]
[Black "Malek, Daniel"]
[Result "1-0"]
[WhiteElo "2715"]
[BlackElo "2403"]
[Annotator "TA"]
[PlyCount "75"]
[EventDate "2018.??.??"]
[EventType "swiss"]
[EventCountry "GER"]
[SourceTitle "playchess.com"]
[Source "ChessBase"]
[SourceQuality "1"]

{[%evp 14,75,19,12,14,-10,30,34,47,34,54,52,54,-11,43,59,56,-25,27,0,0,3,16,8,89,84,106,71,67,61,80,75,76,68,72,75,63,68,62,62,85,97,444,432,440,425,425,256,523,531,881,838,845,821,841,814,29995,29996,29996,29997,29997,29998,29998,29999]} 1. e4 e5 2. Nf3 Nf6 3. Nxe5 d6 4. Nc4 Nxe4 5. Qe2 Qe7 6. Ne3 c6 {C42: Petroff Defence: 3 Nxe5 and unusual White 3rd moves} 7. b3 d5 (7... Nf6 8. Bb2 Na6 9. g3 Nc7 10. Bg2 Be6 11. Nc3 Qd7 12. O-O-O O-O-O 13. h3 d5 14. d4 {0-1 (54) Wei,Y (2753)-Yu,Y (2744) Huocheng County 2017}) 8. Bb2 {LiveBook: 4 Games} Be6 {The position is equal.} 9. g3 Nd7 10. Bg2 Ndf6 11. O-O $146 ({Predecessor:} 11. d3 Nd6 12. O-O g6 13. c4 dxc4 14. dxc4 Bg7 15. Bc3 O-O 16. Qb2 Rfd8 17. Re1 Nfe8 18. Bxg7 Nxg7 19. Nd2 Nde8 20. Re2 Qf6 {½-½ (20) Souleidis,G (2404)-Rabiega,R (2512) Essen 2002}) 11... Qd8 12. d3 Nd6 $1 13. f4 ({Better is} 13. c4 $14) 13... Be7 (13... Qb6 $11) 14. f5 $36 {[%mdl 2048] White has some pressure.} Bd7 15. g4 (15. Bxf6 $14 gxf6 16. Nd2) 15... h6 (15... O-O $142) 16. Bxf6 gxf6 17. c4 dxc4 18. bxc4 Kf8 (18... h5 $11 {keeps the balance.}) 19. Nd2 $16 Qc7 20. a4 h5 21. gxh5 Ne8 22. Ne4 Ng7 23. Rf3 $1 Rxh5 24. Rh3 Rxh3 25. Bxh3 Qe5 26. Rf1 $1 Re8 27. Kh1 {And now Qe1 would win.} Qd4 $2 {[%mdl 8192] [#]} (27... Bd8 $16) 28. Nc2 $1 $18 {[%cal Rc2d4]} Qb2 {[#]} 29. Qg2 $1 {Threatens to win with Rg1.} Bd8 30. Rg1 Nxf5 $2 (30... Nh5 31. Nd6 Ba5 32. Nxe8 Bxe8) 31. Nc5 Bc8 32. Bxf5 Bxf5 33. Qg8+ Ke7 34. Re1+ Be6 35. Rxe6+ {White mates.} fxe6 36. Qg7+ Kd6 37. Ne4+ Ke5 38. Qg3+ {Precision: White = 71%, Black = 29%.} 1-0

[Event "3rd GRENKE Chess Open 2018"]
[Site "Karlsruhe"]
[Date "2018.03.30"]
[Round "3"]
[White "Andreikin, Dmitry"]
[Black "Thinius, Marco"]
[Result "1-0"]
[WhiteElo "2712"]
[BlackElo "2400"]
[Annotator "TA"]
[PlyCount "67"]
[EventDate "2018.??.??"]
[EventType "swiss"]
[EventCountry "GER"]
[SourceTitle "playchess.com"]
[Source "ChessBase"]
[SourceQuality "1"]

{[%evp 18,67,58,64,55,57,89,47,45,0,80,47,70,57,83,83,80,80,77,79,89,82,83,66,60,31,35,47,48,37,83,89,83,79,79,18,183,172,248,254,252,245,246,235,369,362,372,368,356,356,319,332]} 1. Nf3 Nf6 2. g3 g6 3. b3 Bg7 4. Bb2 O-O 5. Bg2 d6 6. d4 Nbd7 7. O-O e5 8. dxe5 Ng4 9. Qd2 Ndxe5 {A49: 1 d4 Nf6 2 Nf3 g6 3 g3: Anti-King's Indian systems} 10. c4 {LiveBook: 4 Games} Re8 11. Nc3 Bh6 {White is slightly better.} (11... a5 12. Rad1 Bh6 13. Qc2 Bf5 14. e4 Nxf3+ 15. Bxf3 Bd7 16. Bg2 Bg7 17. h3 {1-0 (41) Meier,G (2632)-Amin,B (2635) Dubai 2014}) 12. Qd4 Bg7 {[#] aiming for ...Nxf3+.} 13. Qd2 Bh6 14. Qd1 c6 $146 ({Predecessor:} 14... f5 15. Nxe5 Nxe5 16. e3 c6 17. Qd2 Qe7 18. Rad1 Nf7 19. Ne2 {½-½ (43) Nent,A (2035)-Esser,N (2158) Goch 2015}) 15. h3 Nxf3+ 16. exf3 Nf6 17. Ne4 Nxe4 18. fxe4 Bg7 19. Bxg7 Kxg7 20. Qd4+ Qf6 21. Rad1 (21. Qd2 {looks sharper.} a5 22. a4 Ra6 23. Rab1 Qe5 24. Rfc1) 21... Qxd4 22. Rxd4 a5 23. Rxd6 Be6 24. f4 Red8 25. c5 a4 26. Rb1 (26. bxa4 $16 Rdb8 27. Rd4) 26... a3 $2 (26... axb3 $1 $11 {and Black stays safe.} 27. axb3 h5) 27. Kf2 $18 Rdc8 (27... Kf8 $142 28. g4 Rxd6 29. cxd6 f6) 28. g4 Rd8 29. Ke3 Kf8 30. e5 Ke7 (30... h5 {might work better.} 31. gxh5 gxh5) 31. Be4 f5 32. gxf5 gxf5 33. Bd3 Rg8 {[#]} 34. Bc4 $1 {Precision: White = 73%, Black = 56%.} 1-0